This awakening generation / (Record no. 3426)
[ view plain ]
| 000 -LEADER | |
|---|---|
| fixed length control field | 00568nam a2200205Ii 4500 |
| 001 - CONTROL NUMBER | |
| control field | 6012150 |
| 003 - CONTROL NUMBER IDENTIFIER | |
| control field | OSt |
| 005 - DATE AND TIME OF LATEST TRANSACTION | |
| control field | 20181113105410.0 |
| 008 - FIXED-LENGTH DATA ELEMENTS--GENERAL INFORMATION | |
| fixed length control field | 800222s1978 txua 000 0 eng d |
| 040 ## - CATALOGING SOURCE | |
| Original cataloging agency | KAT |
| Transcribing agency | KAT |
| Modifying agency | STU |
| 082 ## - DEWEY DECIMAL CLASSIFICATION NUMBER | |
| Classification number | 234.12 |
| Item number | O85A |
| 090 ## - LOCALLY ASSIGNED LC-TYPE CALL NUMBER (OCLC); LOCAL CALL NUMBER (RLIN) | |
| Classification number (OCLC) (R) ; Classification number, CALL (RLIN) (NR) | BV4520 |
| Local cutter number (OCLC) ; Book number/undivided call number, CALL (RLIN) | .O87 |
| 100 1# - MAIN ENTRY--PERSONAL NAME | |
| Personal name | Osteen, John. |
| 245 10 - TITLE STATEMENT | |
| Title | This awakening generation / |
| Statement of responsibility, etc. | John Osteen. |
| 260 ## - PUBLICATION, DISTRIBUTION, ETC. | |
| Place of publication, distribution, etc. | Van Nuys, Calif. : |
| Name of publisher, distributor, etc. | Time-Light Publishing, |
| Date of publication, distribution, etc. | c1973. |
| 300 ## - PHYSICAL DESCRIPTION | |
| Extent | viii, 119 p. ; |
| Dimensions | 18 cm. |
| 650 #0 - SUBJECT ADDED ENTRY--TOPICAL TERM | |
| Topical term or geographic name entry element | Witness bearing (Christianity) |
| 650 #0 - SUBJECT ADDED ENTRY--TOPICAL TERM | |
| Topical term or geographic name entry element | Baptism in the Holy Spirit. |
| 942 ## - ADDED ENTRY ELEMENTS (KOHA) | |
| Source of classification or shelving scheme | Dewey Decimal Classification |
| Koha item type | Books |
| Withdrawn status | Lost status | Source of classification or shelving scheme | Damaged status | Not for loan | Collection code | Home library | Current library | Shelving location | Date acquired | Cost, normal purchase price | Total Checkouts | Full call number | Barcode | Date last seen | Price effective from | Koha item type |
|---|---|---|---|---|---|---|---|---|---|---|---|---|---|---|---|---|
| Dewey Decimal Classification | Non-fiction | Harvest Mission College | Harvest Mission College | General Stacks | 13.11.2018 | 260.00 | 234.12 O85A | 004001 | 13.11.2018 | 13.11.2018 | Books |
